Эпидемиология и инфекционные болезни. Т. 15, № 4 [прил.]: Рекомендации по лечению ВИЧ-инфекции и связанных с ней заболеваний, химиопрофилактике заражения ВИЧ (Запись № 13654486)

Подробности
000 -МАРКЕР
контрольное поле 01482nam2a2200241 4500
001 - ИДЕНТИФИКАТОР ЗАПИСИ
контрольное поле RU\NLR\BIBL_A\022775984
005 - ИДЕНТИФИКАТОР ВЕРСИИ
контрольное поле 20260412095343.0
035 ## - ДРУГИЕ СИСТЕМНЫЕ НОМЕРА
Идентификатор записи (NLR Aleph) 022775984
100 ## - ДАННЫЕ ОБЩЕЙ ОБРАБОТКИ
Данные общей обработки 20260406d2025 u y0rusy50 ca
101 0# - ЯЗЫК РЕСУРСА
Язык текста, звукозаписи и т.д. русский
102 ## - СТРАНА ПУБЛИКАЦИИ ИЛИ ПРОИЗВОДСТВА
Страна публикации Российская Федерация
200 1# - ЗАГЛАВИЕ И СВЕДЕНИЯ ОБ ОТВЕТСТВЕННОСТИ
Основное заглавие Рекомендации по лечению ВИЧ-инфекции и связанных с ней заболеваний, химиопрофилактике заражения ВИЧ
Первые сведения об ответственности Национальная ассоциация специалистов по инфекционным болезням имени академика В. И. Покровского
210 ## - ПУБЛИКАЦИЯ, РАСПРОСТРАНЕНИЕ И ДР.
Дата издания, распространения и т.д. 2025
461 #0 - УРОВЕНЬ НАБОРА
Встроенное поле 001RU\NLR\Per\845040
-- 2001#$aЭпидемиология и инфекционные болезни$dEpidemiology and infectious diseases$eактуальные вопросы$eнаучно-практический журнал$zeng$vТ. 15, № 4 [прил.]
Системный номер (АБИС) связанной записи 3064358
Место публикации Москва
Дата публикации 2011 -
Параллельное заглавие Epidemiology and infectious diseases
Имя издателя, распространителя и т.д. Бионика
Сведения, относящиеся к заглавию актуальные вопросы : научно-практический журнал
Заглавие Эпидемиология и инфекционные болезни
ISSN 2226-6976
Номер тома Т. 15, № 4 [прил.]
606 1# - НАИМЕНОВАНИЕ ТЕМЫ КАК ПРЕДМЕТ
Наименование темы ВИЧ-инфекция
Тематический подзаголовок Терапия
Системный номер авторитетной/нормативной записи 2379276
Идентификатор авторитетной/нормативной записи RU\NLR\AUTH\661419663
686 1# - ИНДЕКСЫ ДРУГИХ КЛАССИФИКАЦИЙ
Индекс Р517.87-5
686 1# - ИНДЕКСЫ ДРУГИХ КЛАССИФИКАЦИЙ
Индекс Р11(2)285.1
852 ## - МЕСТОНАХОЖДЕНИЕ И ШИФР ХРАНЕНИЯ
Идентификатор организации NLR
Шифр хранения (Call Number) П17/1510
942 ## - ДОПОЛНИТЕЛЬНЫЕ ЭЛЕМЕНТЫ ЗАПИСИ (АБИС)
Тип экземпляра АБИС Выпуск
980 ## - КОЛЛЕКЦИЯ
Название коллекции Русская периодика
980 ## - КОЛЛЕКЦИЯ
Название коллекции Национальная библиография

Нет доступных экземпляров.